| 000 | 00694nam a22002537a 4500 | ||
|---|---|---|---|
| 003 | OSt | ||
| 005 | 20180116183008.0 | ||
| 008 | 150818b xxu||||| |||| 00| 0 eng d | ||
| 020 | _a9788129702234 | ||
| 022 | _a9788129702234 | ||
| 040 | _c0 | ||
| 050 | _a658.4021 | ||
| 082 | _a658.4021 DAV 2003 | ||
| 100 | _aDavid,Fred R. | ||
| 245 |
_aStrategic Management : _bConcepts & Cases. _cFred R.David. |
||
| 250 | _a9th. | ||
| 260 |
_aNew Delhi _bPEARSON Education. _c2003 |
||
| 300 |
_a461p. _bHB.photo copy |
||
| 440 | _aStrategic Management : Concepts & Cases. | ||
| 500 | _aPaper Cover | ||
| 600 | _aDavid,Fred R. | ||
| 700 | _aDavid,Fred R. | ||
| 942 |
_2ddc _cBK _k658.4021 DAV 2003 |
||
| 999 |
_c350158 _d350158 |
||